000 01544nam a2200313 c 4500
999 _c184264
_d184264
003 BLK
005 20220616084514.0
008 180411b bul|||||r ||||||| ||bul||
010 _aKNG00193217000
040 _aBLK
041 _aBUL
_cBUL
080 _aСтаробългарски език (ІХ-ХІ в. ). Църковнославянски език (богослужебен ез. на източноправославната църква - руска редакция на старобълг. ез.
_b811.163.1
_z811.163.1
100 1 _aДограмаджиева, Екатерина Петрова
_eпърви автор
_9363984
139 _aДограмаджиева, Екатерина Петрова
_bД 69
245 1 0 _aСтруктура на старобългарското сложно съчинено изречение
_bИзследване
_cЕкатерина Петрова Дограмаджиева.
257 _aBGR
260 _bБАН
_c1968
_aСофия
300 _a206 с.
_c23 см
_eПрил.
380 _a80
500 _a500 тир. - Изд. на БАН. Инст. за бълг. ез. - Библиогр. с. 202-204. - Автореферат. - 15 с.
650 4 _aСтаробългарски език - граматика
_9259074
653 _aстаробългарски език
653 _aграматика
852 _aЦб 46587
_bЦб
942 _cKNG
_n0
_s1
944 _aCR
_c2022-06-16
_kв. т.